<?xml version="1.0" encoding="UTF-8"?>
<marc:record xmlns:marc="http://www.loc.gov/MARC21/slim">
   <marc:leader>00000nam a2200000 a 4500</marc:leader>
   <marc:datafield ind1="1" ind2=" " tag="100">
      <marc:subfield code="a">Edhor, Svarlen</marc:subfield>
      <marc:subfield code="4">aut</marc:subfield>
      <marc:subfield code="e">Verfasser/-in</marc:subfield>
   </marc:datafield>
   <marc:datafield ind1=" " ind2=" " tag="653">
      <marc:subfield code="a">Kriminalroman</marc:subfield>
   </marc:datafield>
   <marc:datafield ind1=" " ind2=" " tag="653">
      <marc:subfield code="a">Provinzkrimi</marc:subfield>
   </marc:datafield>
   <marc:datafield ind1=" " ind2=" " tag="653">
      <marc:subfield code="a">lustiger Krimi</marc:subfield>
   </marc:datafield>
   <marc:datafield ind1=" " ind2=" " tag="653">
      <marc:subfield code="a">Krimis, Thriller, Spionage</marc:subfield>
   </marc:datafield>
   <marc:datafield ind1=" " ind2=" " tag="653">
      <marc:subfield code="a">Humorvoller Krimi</marc:subfield>
   </marc:datafield>
   <marc:datafield ind1=" " ind2=" " tag="653">
      <marc:subfield code="a">krimikomödie</marc:subfield>
   </marc:datafield>
   <marc:datafield ind1=" " ind2=" " tag="653">
      <marc:subfield code="a">landhauskrimi</marc:subfield>
   </marc:datafield>
   <marc:datafield ind1=" " ind2=" " tag="653">
      <marc:subfield code="a">humorvolle bücher krimi</marc:subfield>
   </marc:datafield>
   <marc:datafield ind1="0" ind2="0" tag="245">
      <marc:subfield code="a">Kommissar Norbert Hübner ermittelt/WAS FÜR EIN SCHEISSTAG Nr. 1</marc:subfield>
   </marc:datafield>
   <marc:datafield ind1="0" ind2="0" tag="245">
      <marc:subfield code="b">Kriminalroman  Kommissar Norbert Hübner (Band 1) - Cover matt, Format 12 x 19</marc:subfield>
   </marc:datafield>
   <marc:datafield ind1="0" ind2="0" tag="245">
      <marc:subfield code="c">Svarlen Edhor</marc:subfield>
   </marc:datafield>
   <marc:datafield ind1=" " ind2="1" tag="264">
      <marc:subfield code="a">Berlin</marc:subfield>
      <marc:subfield code="b">epubli</marc:subfield>
      <marc:subfield code="c">2021</marc:subfield>
   </marc:datafield>
   <marc:datafield ind1="1" ind2=" " tag="490">
      <marc:subfield code="a">Kommissar Norbert Hübner ermittelt</marc:subfield>
      <marc:subfield code="v">1</marc:subfield>
   </marc:datafield>
   <marc:datafield ind1=" " ind2=" " tag="250">
      <marc:subfield code="a">8. Auflage</marc:subfield>
   </marc:datafield>
   <marc:datafield ind1="1" ind2=" " tag="520">
      <marc:subfield code="a">Achtung: Ausgabe für den Buchhandel: Cover = matt, Format = 12 x 19 cm &lt;br/&gt;&lt;br/&gt; &lt;br/&gt;&lt;br/&gt;Eine Leiche. Zwei Kommissare. Und eine Stadt voller Verdächtiger. &lt;br/&gt;&lt;br/&gt; &lt;br/&gt;&lt;br/&gt;Kommissar Norbert Hübner steht als Kleinstadtpolizist kurz vor der wohlverdienten Pensionierung. Von Auffahrunfällen über Falschparker bis hin zu Nudisten im Supermarkt hat er schon alles gesehen. &lt;br/&gt;&lt;br/&gt;Plötzlich taucht eine Leiche auf und Kommissar Norbert muss feststellen: Manche Dinge lassen sich nicht über den Gartenzaun regeln. &lt;br/&gt;&lt;br/&gt; &lt;br/&gt;&lt;br/&gt;Noch nie hat er wegen Mordes ermittelt. &lt;br/&gt;&lt;br/&gt; &lt;br/&gt;&lt;br/&gt;Als ihm dann auch noch eine gutgelaunte, übermotivierte und absolut paragrafentreue Kollegin zugeteilt wird, gerät seine bis dahin heile Welt vollends aus den Fugen. &lt;br/&gt;&lt;br/&gt;Noch ahnt er jedoch nicht, dass seine junge Kollegin mit ihren eigenen Dämonen kämpft. &lt;br/&gt;&lt;br/&gt; &lt;br/&gt;&lt;br/&gt;Die Lage spitzt sich zu. &lt;br/&gt;&lt;br/&gt;Werden Sie es schaffen, den Mordfall aufzuklären, bevor es zu spät ist? &lt;br/&gt;&lt;br/&gt; &lt;br/&gt;&lt;br/&gt; &lt;br/&gt;&lt;br/&gt;Kommissar Norbert Hübner ist eine humorvolle Krimireihe</marc:subfield>
   </marc:datafield>
   <marc:datafield ind1=" " ind2=" " tag="020">
      <marc:subfield code="a">9783754161074</marc:subfield>
      <marc:subfield code="9">9783754161074</marc:subfield>
   </marc:datafield>
   <marc:datafield ind1=" " ind2=" " tag="041">
      <marc:subfield code="a">ger</marc:subfield>
   </marc:datafield>
   <marc:datafield ind1="0" ind2=" " tag="490">
      <marc:subfield code="v">1</marc:subfield>
   </marc:datafield>
   <marc:datafield ind1="1" ind2=" " tag="521">
      <marc:subfield code="a">0</marc:subfield>
   </marc:datafield>
   <marc:datafield ind1=" " ind2=" " tag="300">
      <marc:subfield code="a">332 Seiten</marc:subfield>
   </marc:datafield>
</marc:record>
